Létértelmezések kisebbségi helyzetben
Elmentve itt :
| Szerző: | |
|---|---|
| Adatforrás: | Meister |
| Forrásdokumentuma: | A Hét. - 36 sz., 1997, 3-4 p. |
| Nyelv: | magyar |
| Kulcsszavak: | filozófia politika-filozófia művelődéstörténet sajtó magyarok (romániai) kisebbségi lét Tokaj LÁSZLÓ Dezső MAKKAI Sándor VERESS Károly SALAT Levente LÁNG Zsolt Tokaji Irótábor Korunk KOMP-PRESS Könyvkiadó Limes-Kör Erdélyi Fiatalok |
| LEADER | 00822nab a2200313 i 4500 | ||
|---|---|---|---|
| 001 | bibPRO00007200 | ||
| 008 | 060524s1997 xx hun | ||
| 040 | |a Sz1 | ||
| 041 | |a hun | ||
| 100 | 1 | |a CSEKE Péter | |
| 245 | 1 | 0 | |a Létértelmezések kisebbségi helyzetben |c CSEKE Péter |
| 695 | |a filozófia | ||
| 695 | |a politika-filozófia | ||
| 695 | |a művelődéstörténet | ||
| 695 | |a sajtó | ||
| 695 | |a magyarok (romániai) | ||
| 695 | |a kisebbségi lét | ||
| 695 | |a Tokaj | ||
| 695 | |a LÁSZLÓ Dezső | ||
| 695 | |a MAKKAI Sándor | ||
| 695 | |a VERESS Károly | ||
| 695 | |a SALAT Levente | ||
| 695 | |a LÁNG Zsolt | ||
| 695 | |a Tokaji Irótábor | ||
| 695 | |a Korunk | ||
| 695 | |a KOMP-PRESS Könyvkiadó | ||
| 695 | |a Limes-Kör | ||
| 695 | |a Erdélyi Fiatalok | ||
| 773 | 0 | |t A Hét. - |g 36 sz., 1997, 3-4 p. | |